00393nam a22001457a 450000500170000000800410001702000160005808200230007424500470009725000090014426000490015330000160020265000110021865000180022920240328072210.0240328b |||||||| |||| 00| 0 eng d a0199273340. 222a327.174.bSMA. aSmall arms survey 2004 :brights at risk / a1st. aNew york :bOxford university press /c2004. avii, 335 p. aWomen. aHuman Rights.